000 01166nam a22003257a 4500
003 CHAP
005 20220329135344.0
008 971013s1979 r 00010 d
010 _a34954
011 _a35926
035 _a40043
040 _cCHAP
082 _a332.1026
_bM4 1979
110 _aMéxico. Leyes, decretos, etc.
_977071
245 _aLegislación bancaria
_b: instituciones de crédito y organizaciones auxiliares, ley monetaria, ley del mercado de valores, Nacional Financiera, Banco de México y disposiciones complementarias
250 _a21 ed.
260 _aMéxico, D.F. :
_bPorrúa,
_c1979
300 _a442 p
490 _aLeyes y códigos de México
590 _aBATCH-UPD
_b10
_c20130110
_lUCH01
_h2129
590 _aBATCH-UPD
_b10
_c20130410
_lUCH01
_h1439
590 _aBATCH-UPD
_b10
_c20130914
_lUCH01
_h1059
590 _aCONVERSION
_b10
_c20130109
_lUCH01
_h1320
650 1 4 _aCrédito
_xLeyes.
_929017
650 1 4 _aLegislación bancaria
_xMéxico.
_965659
830 0 _aLeyes y códigos de México
_966564
901 _aBK
942 _cLIBRO
949 _a332.1026 M4 1979
_bBC
_cLIBRO
_d33724000336962
_eLIBRO
_h13080
_i40043
_si
_t38.00
999 _c34954
_d34954